书目信息 |
| 题名: |
日本插图小丛书
|
|
| 作者: | 山下秀树 , 京华 编 | |
| 分册: | 人物·生活篇 | |
| 出版信息: | 北京 世界图书出版公司 1987.8 |
|
| 页数: | 155页 | |
| 开本: | 19厘米 | |
| 丛书名: | ||
| 单 册: | ||
| 中图分类: | J238.5 | |
| 科图分类: | ||
| 主题词: | 图集--日本--现代 , 人物画--图案--日本--现代 , 生活用具--图案--日本--现代 | |
| 电子资源: | ||
| ISBN: | 7-5062-0022-8 | |
| 000 | 00916nam0 2200277 450 | |
| 001 | 0100237953 | |
| 005 | 20020928000000.0 | |
| 010 | @a7-5062-0022-8@dCNY1.80 | |
| 011 | @a7-5062-0022-8 | |
| 100 | @a19910415d1987 m y0chiy0110 ea | |
| 101 | 1 | @achi@cjpn |
| 102 | @aCN@b110000 | |
| 105 | @aa z 000yy | |
| 106 | @ar | |
| 200 | 1 | @a日本插图小丛书@9Ri Ben Cha Tu Xiao Cong Shu @i人物·生活篇@f(日)山下秀树编@g京 华译@b专著 |
| 210 | @a北京@c世界图书出版公司@d1987.8 | |
| 215 | @a155页@d19厘米 | |
| 330 | @a本篇收集了适合做插图的各种儿童、成年人有代表性的人物形象,以及风景、家庭日用品、交通工具及食品等的图案。 | |
| 606 | 0 | @a图集@y日本@z现代 |
| 606 | 0 | @a人物画@x图案@y日本@z现代 |
| 606 | 0 | @a生活用具@x图案@y日本@z现代 |
| 690 | @aJ238.5@v1980 | |
| 701 | 0 | @c(日)@a山下秀树@9shan xia xiu shu@4编 |
| 701 | 0 | @a京华@9jing hua@4译 |
| 801 | 0 | @aCN@bAiZhiMarc@c19910415 |
| 905 | @aBZT@dJ23@e3@f1@sJ23/3 | |
| 日本插图小丛书.人物·生活篇/(日)山下秀树编/京 华译.-北京:世界图书出版公司,1987.8 |
| 155页;19厘米 |
| ISBN 7-5062-0022-8:CNY1.80 |
| 本篇收集了适合做插图的各种儿童、成年人有代表性的人物形象,以及风景、家庭日用品、交通工具及食品等的图案。 |
| ● |
| 相关链接 |
|
|
|
正题名:日本插图小丛书
索取号:J23/3
 
预约/预借
| 序号 | 登录号 | 条形码 | 馆藏地/架位号 | 状态 | 备注 |
| 1 | 2000102208 | 2000102208 | 旧书回溯/ [索取号:J23/3] | 在馆 |